Normal view
MARC view
- Bence, S. J.
Entry Personal Name
001 - CONTROL NUMBER
- control field: 8624
003 - CONTROL NUMBER IDENTIFIER
- control field: NUST
005 - DATE AND TIME OF LATEST TRANSACTION
- control field: 20180118114448.0
008 - FIXED-LENGTH DATA ELEMENTS
- fixed length control field: 180118|| aca||aabn | a|a d
040 ## - CATALOGING SOURCE
- Original cataloging agency: NUST
- Transcribing agency: NUST
100 ## - HEADING--PERSONAL NAME
- Personal name: Bence, S. J.
670 ## - SOURCE DATA FOUND
- Source citation: Work cat.: (NUST)30284: Riley, K. F. 8622, Mathematical methods for physics and engineering :, 2006.
